Highlights of the history of Yorktown, Texas, 1848-1956 /

Bibliographic Details
Corporate Authors: Yorktown High School (Yorktown, Tex.). Library Club, Yorktown Historical Society
Other Authors: Hoff, Carol
Format: Book
Language:English
Published: [Yorktown, Tex.] : Yorktown Historical Society, 1978.
Subjects:

MARC

Tag First Indicator Second Indicator Subfields
LEADER 00000cam a2200000 a 4500
001 in00000018246
005 20190207093353.0
008 870519r19781956txu 00010 eng d
035 |a (OCoLC)15709487 
035 |9 AAB0733AM 
040 |a TXV  |c TXV  |d TXA  |d UtOrBLW 
049 |a TXAS  |c [A09877150] 
050 4 |a F394.Y6  |b H5 1978 
245 0 0 |a Highlights of the history of Yorktown, Texas, 1848-1956 /  |c The Yorktown High School Library Club of 1956, Carol Hoff, sponsor. 
264 1 |a [Yorktown, Tex.] :  |b Yorktown Historical Society,  |c 1978. 
300 |a iii, 84 pages :  |b illustrations ;  |c 21 cm. 
336 |a text  |b txt  |2 rdacontent 
337 |a unmediated  |b n  |2 rdamedia 
338 |a volume  |b nc  |2 rdacarrier 
500 |a The Cushing Library/Chapman Texas Collection copy is part of the Floyd & Louise Chapman Texas & Borderlands Collection.  |5 TXA 
500 |a Reprint of a study prepared in 1956. 
651 0 |a Yorktown (Tex.)  |x History. 
710 2 |a Yorktown High School (Yorktown, Tex.).  |b Library Club. 
710 2 |a Yorktown Historical Society. 
700 1 |a Hoff, Carol. 
999 |a MARS 
999 f f |s 748584d0-f2f2-37f7-8845-8d88c09cbedf  |i 24784986-b61b-3b95-8e8b-e24c6551d6a1  |t 0 
952 f f |p noncirc  |a Texas A&M University  |b College Station  |c Cushing Memorial Library & Archives  |d Cushing: Chapman Texas Collection (Does not check out)  |t 0  |e F394.Y6 H5 1978  |h Library of Congress classification  |i unmediated -- volume  |m A14809877150 
998 f f |a F394.Y6 H5 1978  |t 0  |l Cushing: Chapman Texas Collection (Does not check out)